| 000 | 00363nam a22001217a 4500 | ||
|---|---|---|---|
| 008 | 230511b |||||||| |||| 00| 0 eng d | ||
| 040 |
_aNational Science Library _cNational Science Library |
||
| 245 | _aChambers english dictionary | ||
| 260 |
_bLondon: _cW & R Chambers, _d1990 |
||
| 300 | _a1792p. | ||
| 650 | _aEncyclopedias and dictionaries | ||
| 942 |
_2udc _cREF |
||
| 999 |
_c66479 _d66479 |
||